| 000 | 00723nam a2200289Ia 4500 | ||
|---|---|---|---|
| 008 | 170203s9999 xx 000 0 und d | ||
| 020 | _a0-811843432 | ||
| 050 | _aFic | ||
| 050 | _bY71b | ||
| 100 | _aYoung, Ed. | ||
| 245 | _aBeyond the great mountains : | ||
| 245 | _ba visual poem about China / | ||
| 245 | _cEd Young. | ||
| 260 | _aSan Francisco, Calif. : | ||
| 260 | _bChronicle Books, | ||
| 260 | _c2005 | ||
| 300 | _a32 unnumbered pages : | ||
| 300 | _bcolor illustrations ; | ||
| 300 | _c27 cm | ||
| 650 | _aChina -- | ||
| 650 | _aChina -- | ||
| 650 | _aChina -- | ||
| 650 | _aChinese characters. | ||
| 650 | _xFiction. | ||
| 650 | _xJuvenile fiction. | ||
| 650 | _xJuvenile poetry. | ||
| 999 |
_c306336 _d306336 |
||